[Event "Arco op 44th"]
[Site "Arco"]
[Date "2022.10.14"]
[Round "7"]
[White "Lamera, Giuseppe"]
[Black "Paletta, Giuseppe"]
[Result "1/2-1/2"]
[WhiteElo "1443"]
[BlackElo "1625"]
[PlyCount "77"]
[EventDate "2022.10.08"]
[EventType "swiss"]
[EventRounds "9"]
[EventCountry "ITA"]
[SourceTitle "CBM 210 Extra"]
[Source "ChessBase"]
[SourceDate "2022.11.30"]
[SourceVersion "1"]
[SourceVersionDate "2022.11.30"]
[SourceQuality "1"]

1. e4 e6 2. Nf3 b6 3. d4 d5 4. e5 c5 5. c3 Bd7 6. Be2 cxd4 7. cxd4 Bb4+ 8. Nc3 Ne7 9. 0-0 Nf5 10. a3 Be7 11. b4 0-0 12. Bd3 Nh4 13. Bb1 Nc6 14. Nxh4 Bxh4 15. Ne2 Qc7 16. Qd3 g6 17. Qh3 Be7 18. Be3 Rfc8 19. Bd3 a6 20. Rac1 Qd8 21. Qg4 b5 22. Nf4 Kh8 23. Qh3 Qe8 24. Rfd1 Na7 25. Qg3 Rxc1 26. Rxc1 Rc8 27. h4 Rxc1+ 28. Bxc1 Qc8 29. Ne2 Nc6 30. Qf3 Nxd4 31. Qxf7 Nxe2+ 32. Bxe2 Qf8 33. Qxf8+ Bxf8 34. Be3 Kg7 35. g3 h6 36. f4 Be7 37. Kg2 Bd8 38. Kf3 Bc6 39. Bd2 1/2-1/2

[Event "Arco op-B 39th"]
[Site "Arco"]
[Date "2017.10.13"]
[Round "6"]
[White "Galimberti, Maurizio"]
[Black "Lamera, Giuseppe"]
[Result "1/2-1/2"]
[WhiteElo "1609"]
[BlackElo "1497"]
[PlyCount "36"]
[EventDate "2017.10.08"]
[EventType "swiss"]
[EventRounds "8"]
[EventCountry "ITA"]
[SourceTitle "CBM 181 Extra"]
[Source "ChessBase"]
[SourceDate "2017.12.12"]
[SourceVersion "1"]
[SourceVersionDate "2017.12.12"]
[SourceQuality "1"]

1. b3 d6 2. Bb2 e5 3. d3 Nf6 4. e4 Be7 5. Ne2 c6 6. Nd2 b5 7. d4 Nbd7 8. dxe5 dxe5 9. g3 Qb6 10. Bg2 0-0 11. 0-0 Bc5 12. h3 Re8 13. a3 Bb7 14. b4 Be7 15. c4 c5 16. cxb5 Qxb5 17. Nc3 Qc6 18. b5 Qc7 1/2-1/2

[Event "Milan Crespi op-B 34th"]
[Site "Milan"]
[Date "2013.12.06"]
[Round "3"]
[White "Lamera, Giuseppe"]
[Black "Bianchi, Paolo"]
[Result "0-1"]
[WhiteElo "1494"]
[BlackElo "1692"]
[PlyCount "78"]
[EventDate "2013.12.04"]
[EventType "swiss"]
[EventRounds "7"]
[EventCountry "ITA"]
[SourceTitle "EXT 2015"]
[Source "ChessBase"]
[SourceDate "2014.11.20"]
[SourceVersion "1"]
[SourceVersionDate "2014.11.20"]
[SourceQuality "1"]

1. c4 g6 2. Nc3 Bg7 3. g3 Nf6 4. Bg2 0-0 5. Nf3 c5 6. b3 Nc6 7. Bb2 Rb8 8. Rb1 b6 9. 0-0 Bb7 10. d3 d5 11. Nxd5 Nxd5 12. Bxg7 Kxg7 13. cxd5 Qxd5 14. Nd2 Qd7 15. Nc4 f6 16. a3 e5 17. Nd2 Nd4 18. Bxb7 Rxb7 19. Ne4 Qe7 20. a4 Rd8 21. e3 Nc6 22. Qe2 Nb4 23. Rfd1 Rbd7 24. f3 Nxd3 25. Nf2 Nxf2 26. Kxf2 Rd6 27. Ke1 Qd7 28. Rxd6 Qxd6 29. Rd1 Qxd1+ 30. Qxd1 Rxd1+ 31. Kxd1 Kf7 32. Kd2 Ke7 33. Kd3 Kd6 34. g4 a6 35. e4 Kc6 36. h3 g5 37. Kc3 b5 38. a5 b4+ 39. Kc4 h6 0-1

[Event "Ceriano Laghetto op-C 22nd"]
[Site "Ceriano Laghetto"]
[Date "2013.03.03"]
[Round "5"]
[White "Benedetti, Mario"]
[Black "Lamera, Giuseppe"]
[Result "1-0"]
[WhiteElo "1455"]
[BlackElo "1479"]
[PlyCount "89"]
[EventDate "2013.03.01"]
[EventType "swiss"]
[EventRounds "5"]
[EventCountry "ITA"]
[SourceTitle "EXT 2024"]
[Source "ChessBase"]
[SourceDate "2023.10.10"]
[SourceVersion "1"]
[SourceVersionDate "2023.10.10"]
[SourceQuality "1"]

1. d4 d6 2. e4 Nf6 3. Bd3 c6 4. c4 Qb6 5. Nf3 Bg4 6. d5 Nbd7 7. Nc3 Bxf3 8. Qxf3 Ne5 9. Qd1 Nfg4 10. 0-0 g6 11. h3 Nf6 12. Be2 Bg7 13. Na4 Qc7 14. Be3 Nxe4 15. f3 Ng3 16. Rf2 Nxe2+ 17. Qxe2 0-0 18. f4 Nd7 19. Rb1 Nf6 20. Qd3 Qd7 21. Nc3 Rfe8 22. Ne2 e5 23. fxe5 Rxe5 24. Bf4 Ree8 25. Ng3 Re7 26. Qd2 Rae8 27. Rbf1 Ne4 28. Nxe4 Rxe4 29. b3 Bd4 30. Kh2 Bxf2 31. Qxf2 f5 32. Bh6 Qe7 33. Qb2 Qe5+ 34. Qxe5 dxe5 35. d6 Rd4 36. c5 e4 37. Be3 Rd3 38. Re1 Kg7 39. Kg3 g5 40. Kf2 f4 41. Bc1 Rc3 42. Bb2 e3+ 43. Kf3 e2+ 44. Bxc3+ Kg6 45. Rxe2 1-0

[Event "Ceriano Laghetto op-C 22nd"]
[Site "Ceriano Laghetto"]
[Date "2013.03.01"]
[Round "1"]
[White "Lamera, Giuseppe"]
[Black "Frignani, Alessandro"]
[Result "0-1"]
[WhiteElo "1479"]
[BlackElo "1335"]
[PlyCount "82"]
[EventDate "2013.03.01"]
[EventType "swiss"]
[EventRounds "5"]
[EventCountry "ITA"]
[SourceTitle "EXT 2024"]
[Source "ChessBase"]
[SourceDate "2023.10.10"]
[SourceVersion "1"]
[SourceVersionDate "2023.10.10"]
[SourceQuality "1"]

1. c4 e5 2. e4 Bc5 3. Nc3 Qf6 4. Nf3 Ne7 5. Nb5 Qb6 6. Qe2 d6 7. a3 a5 8. d4 exd4 9. Qd3 Nbc6 10. Be2 Ne5 11. Nxe5 dxe5 12. 0-0 c6 13. a4 cxb5 14. cxb5 Ng6 15. Bd2 Be6 16. Qg3 Qd6 17. Bd3 b6 18. h4 Bb4 19. Bc1 0-0-0 20. h5 Nf4 21. Bxf4 exf4 22. Qf3 Kd7 23. Qe2 Rc8 24. e5 Qd5 25. Be4 Qc4 26. Bd3 Qc7 27. Qe4 Bc5 28. Qxf4 Rcg8 29. Rfe1 g6 30. h6 Qd8 31. Be4 g5 32. Bc6+ Kc7 33. Qe4 Rg6 34. Rac1 Kb8 35. Rxc5 bxc5 36. Rc1 c4 37. Ba8 Qb6 38. Bd5 Rd8 39. Bxe6 Qxe6 40. Qc6 Qxc6 41. bxc6 Rxc6 0-1

[Event "Ceriano Laghetto op-C 21st"]
[Site "Ceriano Laghetto"]
[Date "2012.03.??"]
[Round "1"]
[White "Puppi, Simone"]
[Black "Lamera, Giuseppe"]
[Result "0-1"]
[WhiteElo "1588"]
[BlackElo "1463"]
[PlyCount "115"]
[EventDate "2012.03.24"]
[EventType "swiss"]
[EventRounds "5"]
[EventCountry "ITA"]
[SourceTitle "EXT 2024"]
[Source "ChessBase"]
[SourceDate "2023.10.10"]
[SourceVersion "1"]
[SourceVersionDate "2023.10.10"]
[SourceQuality "1"]

1. e4 d6 2. Nf3 Nf6 3. Nc3 c6 4. d4 Qa5 5. Bd2 Qb6 6. Na4 Qc7 7. Bd3 b5 8. Nc3 Qb6 9. Be3 Ng4 10. Qe2 Nxe3 11. Qxe3 Nd7 12. 0-0 e5 13. d5 Qxe3 14. fxe3 b4 15. dxc6 bxc3 16. cxd7+ Bxd7 17. bxc3 Rb8 18. Ng5 f6 19. Nf3 Be7 20. Bc4 Bb5 21. Nd2 Kd7 22. Rfb1 Bxc4 23. Nxc4 Kc7 24. Rb3 Rhc8 25. Na5 Rb6 26. Rab1 Rcb8 27. Nc4 R6b7 28. a4 Bd8 29. Rxb7+ Rxb7 30. Rxb7+ Kxb7 31. Nxd6+ Kc6 32. Nb5 Bb6 33. Kf2 a6 34. Na3 Ba5 35. Nb1 Kc5 36. Ke2 Bc7 37. Kd3 Ba5 38. Nd2 Bc7 39. Nb3+ Kd6 40. a5 Bb8 41. Nd2 Kc5 42. Nb3+ Kd6 43. c4 Ba7 44. Ke2 h5 45. Kf3 Bc5 46. h3 Kc6 47. Ke2 Kd6 48. Kd3 Kc6 49. Kc3 Kd6 50. Nxc5 Kxc5 51. Kb3 Kc6 52. Kb4 Kd6 53. c3 Kc6 54. c5 Kd7 55. Kc4 Ke6 56. c6 Kd6 57. c7 Kxc7 58. Kd5 0-1

[Event "Ceriano Laghetto op-C 21st"]
[Site "Ceriano Laghetto"]
[Date "2012.03.??"]
[Round "3"]
[White "Sala, Pierluigi"]
[Black "Lamera, Giuseppe"]
[Result "0-1"]
[WhiteElo "1440"]
[BlackElo "1463"]
[PlyCount "88"]
[EventDate "2012.03.24"]
[EventType "swiss"]
[EventRounds "5"]
[EventCountry "ITA"]
[SourceTitle "EXT 2024"]
[Source "ChessBase"]
[SourceDate "2023.10.10"]
[SourceVersion "1"]
[SourceVersionDate "2023.10.10"]
[SourceQuality "1"]

1. d4 d6 2. e4 Nf6 3. Nc3 c6 4. Nf3 Qa5 5. h3 Nxe4 6. Qd3 Nxc3 7. bxc3 g6 8. Be2 Bg7 9. 0-0 Nd7 10. Bd2 Nf6 11. c4 Qc7 12. Rfe1 Bf5 13. Qb3 0-0 14. Bd3 Bxd3 15. Qxd3 Rfe8 16. Bf4 c5 17. d5 Nh5 18. Bd2 Bxa1 19. Rxa1 e5 20. Qe3 f6 21. Nh2 Qg7 22. Qf3 f5 23. g4 fxg4 24. Nxg4 Nf4 25. Rb1 b6 26. Bxf4 Rf8 27. Bxe5 dxe5 28. Qe4 Rf5 29. Rb3 Raf8 30. d6 h5 31. Qd5+ Kh7 32. d7 Rd8 33. Ne3 Rf4 34. Ng2 Rd4 35. Qf3 R8xd7 36. Ne3 Rf7 37. Qg2 Qf6 38. Nd5 Rd1+ 39. Kh2 Qxf2 40. Qxf2 Rxf2+ 41. Kg3 Rxc2 42. Nc3 Rg1+ 43. Kf3 Rh1 44. Ke4 Rxh3 0-1

[Event "Lombardia Region-ch"]
[Site "Solaro"]
[Date "2011.05.29"]
[Round "4"]
[White "Ferraris, Fulvio"]
[Black "Lamera, Giuseppe"]
[Result "1-0"]
[WhiteElo "1713"]
[BlackElo "1462"]
[PlyCount "63"]
[EventDate "2011.05.27"]
[EventType "swiss"]
[EventRounds "5"]
[EventCountry "ITA"]
[SourceTitle "EXT 2023"]
[Source "ChessBase"]
[SourceDate "2022.10.05"]
[SourceVersion "1"]
[SourceVersionDate "2022.10.05"]
[SourceQuality "1"]

1. d4 d6 2. c4 Nf6 3. Nc3 c6 4. Qc2 g6 5. Bg5 Bg7 6. Rd1 Qa5 7. Bxf6 Bxf6 8. e3 0-0 9. Bd3 Na6 10. a3 c5 11. Nge2 Qd8 12. h4 b6 13. h5 Kg7 14. Be4 Rb8 15. hxg6 hxg6 16. d5 Bd7 17. f4 Qc8 18. Ng3 Rh8 19. Kd2 Bg4 20. Rxh8 Qxh8 21. Rh1 Qc8 22. f5 gxf5 23. Bxf5 Bxf5 24. Nxf5+ Kf8 25. g4 Ke8 26. Ne4 Be5 27. Nc3 Nc7 28. a4 a5 29. Rh7 Na6 30. Ng7+ Bxg7 31. Rxg7 Kf8 32. Qh7 1-0

[Event "Lombardia Region-ch"]
[Site "Solaro"]
[Date "2011.05.29"]
[Round "5"]
[White "Lamera, Giuseppe"]
[Black "Bertamini, Alberto"]
[Result "1/2-1/2"]
[WhiteElo "1462"]
[BlackElo "1671"]
[PlyCount "83"]
[EventDate "2011.05.27"]
[EventType "swiss"]
[EventRounds "5"]
[EventCountry "ITA"]
[SourceTitle "EXT 2023"]
[Source "ChessBase"]
[SourceDate "2022.10.05"]
[SourceVersion "1"]
[SourceVersionDate "2022.10.05"]
[SourceQuality "1"]

1. e4 c5 2. Nf3 e6 3. d4 cxd4 4. Nxd4 Nf6 5. Bd3 Qb6 6. c3 Bc5 7. Nd2 Bxd4 8. cxd4 Qxd4 9. Nb3 Qa4 10. f3 d6 11. 0-0 Bd7 12. Qe2 Bc6 13. Be3 Nbd7 14. Nd4 Ne5 15. b3 Qa5 16. Bb5 Rc8 17. h3 a6 18. Bxc6+ Nxc6 19. Rfc1 0-0 20. Nxc6 Rxc6 21. Rxc6 bxc6 22. Qf2 Nd7 23. Qg3 Qc3 24. Re1 d5 25. exd5 cxd5 26. Qf2 Qf6 27. Rc1 e5 28. Qd2 d4 29. Bg5 Qb6 30. Kh1 f6 31. Bh4 h6 32. Qd3 Qe6 33. Bf2 Qd6 34. Be1 Kh8 35. Bd2 f5 36. Qc4 Qf6 37. Qc6 Qxc6 38. Rxc6 Rf6 39. Rc7 Rd6 40. Bb4 Rd5 41. Ra7 Rb5 42. a3 1/2-1/2

[Event "Lombardia Region-ch"]
[Site "Solaro"]
[Date "2011.05.28"]
[Round "2"]
[White "Biava, Pierluigi"]
[Black "Lamera, Giuseppe"]
[Result "1-0"]
[WhiteElo "1700"]
[BlackElo "1462"]
[PlyCount "75"]
[EventDate "2011.05.27"]
[EventType "swiss"]
[EventRounds "5"]
[EventCountry "ITA"]
[SourceTitle "EXT 2023"]
[Source "ChessBase"]
[SourceDate "2022.10.05"]
[SourceVersion "1"]
[SourceVersionDate "2022.10.05"]
[SourceQuality "1"]

1. d4 d6 2. c4 c6 3. Nf3 Nf6 4. Nc3 Qa5 5. Bd2 Qb6 6. Qc2 Bg4 7. e3 Nbd7 8. Be2 Bxf3 9. Bxf3 e5 10. Na4 Qc7 11. 0-0 Be7 12. b4 0-0 13. Rfc1 Rfe8 14. b5 c5 15. dxc5 dxc5 16. Nc3 Rad8 17. Nd5 Nxd5 18. Bxd5 Nf6 19. e4 Rd6 20. a4 Red8 21. Bc3 Nd7 22. a5 b6 23. Qb2 Rg6 24. Ra3 Bd6 25. Rca1 Nf6 26. axb6 axb6 27. Ra7 Rxg2+ 28. Kxg2 Qc8 29. f3 Nxd5 30. cxd5 f6 31. Qa2 h5 32. Qa6 c4 33. Qxc8 Rxc8 34. Ra8 Bb8 35. R1a6 Rf8 36. Rxb6 Bc7 37. Rxf8+ Kxf8 38. Rb7 1-0

[Event "Ceriano Laghetto op-C 20th"]
[Site "Ceriano Laghetto"]
[Date "2011.04.04"]
[Round "5"]
[White "Lamera, Giuseppe"]
[Black "Giametta, Pasquale"]
[Result "1-0"]
[WhiteElo "1432"]
[BlackElo "1413"]
[PlyCount "47"]
[EventDate "2011.04.01"]
[EventType "swiss"]
[EventRounds "5"]
[EventCountry "ITA"]
[SourceTitle "EXT 2024"]
[Source "ChessBase"]
[SourceDate "2023.10.10"]
[SourceVersion "1"]
[SourceVersionDate "2023.10.10"]
[SourceQuality "1"]

1. e4 e5 2. Nf3 Nf6 3. d3 Bc5 4. Nxe5 Nc6 5. Nxc6 dxc6 6. a3 0-0 7. Be2 Qd4 8. 0-0 Be6 9. c3 Qd7 10. Nd2 Bb6 11. Nf3 g6 12. Ng5 c5 13. Nxe6 fxe6 14. Bh6 Rfe8 15. Bg5 Qf7 16. b3 c4 17. bxc4 Rf8 18. Bf3 Nh5 19. d4 c5 20. d5 exd5 21. exd5 Rad8 22. Bxd8 Rxd8 23. d6 Qxc4 24. Bd5+ 1-0

[Event "Ceriano Laghetto op-B 19th"]
[Site "Ceriano Laghetto"]
[Date "2010.03.??"]
[Round "2"]
[White "Lamera, Giuseppe"]
[Black "Galimberti, Maurizio"]
[Result "1/2-1/2"]
[WhiteElo "1432"]
[BlackElo "1716"]
[PlyCount "31"]
[EventDate "2010.03.??"]
[EventType "swiss"]
[EventRounds "5"]
[EventCountry "ITA"]
[SourceTitle "EXT 2024"]
[Source "ChessBase"]
[SourceDate "2023.10.10"]
[SourceVersion "1"]
[SourceVersionDate "2023.10.10"]
[SourceQuality "1"]

1. e4 e6 2. f4 c5 3. Nf3 Nc6 4. Be2 b6 5. 0-0 Bb7 6. Nc3 g6 7. b3 Bg7 8. Bb2 Nge7 9. Rb1 0-0 10. Nb5 d5 11. Bxg7 Kxg7 12. e5 Nc8 13. d4 a6 14. Nc3 cxd4 15. Nxd4 Nxd4 16. Qxd4 1/2-1/2

[Event "Ceriano Laghetto op-B 19th"]
[Site "Ceriano Laghetto"]
[Date "2010.03.??"]
[Round "5"]
[White "Marchesotti, Giovanni"]
[Black "Lamera, Giuseppe"]
[Result "1/2-1/2"]
[WhiteElo "1619"]
[BlackElo "1432"]
[PlyCount "60"]
[EventDate "2010.03.??"]
[EventType "swiss"]
[EventRounds "5"]
[EventCountry "ITA"]
[SourceTitle "EXT 2024"]
[Source "ChessBase"]
[SourceDate "2023.10.10"]
[SourceVersion "1"]
[SourceVersionDate "2023.10.10"]
[SourceQuality "1"]

1. c4 d6 2. Nc3 Nf6 3. Nf3 c6 4. g3 g6 5. Bg2 Bg7 6. 0-0 0-0 7. e4 e5 8. d4 Nbd7 9. dxe5 Nxe5 10. Nxe5 dxe5 11. Be3 Qc7 12. Qc2 b6 13. h3 Ba6 14. Ne2 Rfd8 15. Rfd1 Ne8 16. b3 b5 17. cxb5 cxb5 18. Qxc7 Nxc7 19. Nc3 Ne6 20. Rxd8+ Rxd8 21. Rd1 Nd4 22. Nd5 Kf8 23. Kh1 Rc8 24. Rc1 Bb7 25. Rxc8+ Bxc8 26. Bf1 a6 27. Kg2 Bb7 28. f3 f6 29. Bd3 Kf7 30. Bc1 Bf8 1/2-1/2

[Event "Monza op"]
[Site "Monza"]
[Date "2006.03.19"]
[Round "2"]
[White "Lamera, Giuseppe"]
[Black "Cazzaniga, Andrea"]
[Result "1-0"]
[WhiteElo "1419"]
[BlackElo "1452"]
[PlyCount "71"]
[EventDate "2006.03.18"]
[EventType "swiss"]
[EventRounds "6"]
[EventCountry "ITA"]
[SourceTitle "EXT 2007"]
[Source "ChessBase"]
[SourceDate "2006.11.23"]
[SourceVersion "1"]
[SourceVersionDate "2006.11.23"]
[SourceQuality "1"]

1. e4 Nf6 2. Nc3 d5 3. d3 dxe4 4. Bf4 Nd5 5. Nxd5 Qxd5 6. Bxc7 Qd4 7. dxe4 Qxe4+ 8. Ne2 Nc6 9. Qd2 e5 10. 0-0-0 Bf5 11. Ng3 Qxc2+ 12. Qxc2 Bxc2 13. Kxc2 Nd4+ 14. Kb1 f6 15. Ne4 a5 16. f4 Kd7 17. Bb6 Bd6 18. Nxd6 Kxd6 19. fxe5+ fxe5 20. Bxd4 exd4 21. Rxd4+ Ke5 22. Rd7 Rhe8 23. Bc4 Kf6 24. Rxb7 a4 25. Bd5 Rad8 26. Bc6 Re6 27. Bxa4 Re2 28. Rd7 Rb8 29. Rf1+ Kg6 30. Bc2+ Kh6 31. Rg1 Rc8 32. Bb3 Rf8 33. Rf7 Rd8 34. Rc7 Rdd2 35. Rc2 Rxg2 36. Rxg2 1-0